1285 1192 1795 1211 1376 1924 1560 1269 1137 1704 1205 1566 1780 1262 1362 1212 1089 1531 1409 1691 1517 1377 1307 1140 1689 1309 1051 1779 1682 1949 1395 1692 1566 1369 1965 1759 1675 1559 1782 1426 1544 1364 1610 1428 1183 1336 1538 1062 1250 1077 1492 1697 1972 1148 1956 1223 1310 1095 1730 1212 1900 1492 1576 1541 1987 1041 1455 1645 1995 1180 1368 1449 1991 1599 1067 1634 1359 1404 1680 1761 1564 1144 1540 1445 1583 1484 1028 1629 1477 1739 1038 1511 1498 1332 1861 1845 1895 1442 1779 BCNSPRNW ULIB Ver.6.0+V

เปลี่ยนเป็นภาษาไทย

Change to English
 แสดงรายละเอียดบรรณานุกรม
  กลับหน้าหลัก

Brief Record : Get Marc (ISO 2709) : E-mail record : QR code < ปิดหน้าต่าง
LEADER : 00000nam 2200000uu 4500
001    13399107776
003     ULIB
008    110203s2551||||th 000 0 tha d
020    9789741109500(ล.1)
060  4 QS4^bว491R ล.1 2551
110 1  ศิริราชพยาบาล^bคณะแพทย์ศาสตร์
245 00 Regional anatomy for medical student book 1 /^cวาสนา พลากรกุล และคณะ
250    พิมพ์ครั้งที่ 1
260    กรุงเทพฯ:^bบริษัท ศิริวัฒนาอินเตอร์พริ้น จำกัด,^c2551
300    596 หน้า:^bภาพประกอบ
650  7 กายวิภาคศาสตร์
700 0  วาสนา พลากรกุล,^eบรรณาธิการ
710 1  ศิริราชพยาบาล^bคณะแพทย์ศาสตร์
945    ^p890^l0^i025623
995    ทศพร
999 ^a ใช้งานได้ทุกระบบ
รายการนี้ยังไม่มีแท็ก
คุณยังไม่ได้ล็อกอิน คุณสามารถมีกิจกรรมร่วมกับเว็บไซต์ได้ แต่ต้องล็อกอินก่อน ::
  ล็อกอิน

รายการสื่อสารสนเทศ

ลำดับที่ ประเภท เลขเรียก/บาร์โค้ด สถานที่ สถานะ
- ไม่พบข้อมูล -

รายการใกล้เคียง
    หัวเรื่อง [กายวิภาคศาสตร์]

BibComment


ยังไม่เคยถูกคอมเมนท์

คอมเมนท์ทรัพยากรรายการนี้
  คอมเมนท์: Regional anatomy ..


 Copyright 2026. Bcnsprnw @Library